01141cam a22002532 45000010005000000030008000050050017000130080041000300350050000710400031001210410008001520820018001602450302001782600040004803000060005205000027005805040039006076500027006466510042006737000046007157000056007617100030008177100040008479251BD-RjUL20211208234738.0140120s1962 nyuab b 101 0 eng c a(BD-RjUL)9296aOCLC ocm00531410 from D970930M aDLC/ICUcCGUdBD-RjULbeng aeng00a523bSPA 196200aSpace age astronomy :ban international symposium sponsored by Douglas Aircraft Company, inc., August 7-9, 1961, at the California Institute of Technology in conjunction with the XI General Assembly of the International Astronomical Union /cEdited by Armin J. Deutsch [and] Wolfgang B. Klemperer. aNew York :bAcademic Press,cc1962. axxi, 531 p. :billus., maps, diagrs., tables. ;c24 cm. aErratum slip inserted. aIncludes bibliographies and index. 0aAstronomyvCongresses. 0aOuter spacexExplorationvCongresses.1 aDeutsch, Armin J.q(Armin Joseph),d1918-1 aKlemperer, Wolfgang B.q(Wolfgang Benjamin),d1893-2 aDouglas Aircraft Company.2 aCalifornia Institute of Technology.